| 000 | 00584nam a22001937a 4500 | ||
|---|---|---|---|
| 003 | OSt | ||
| 005 | 20210426120919.0 | ||
| 008 | 210128s1990 ||||| |||| 00| 0 eng d | ||
| 020 | _a0517033712 | ||
| 040 |
_aeng _beng _cDLC |
||
| 041 | _aeng | ||
| 080 |
_a811-3 _bW-37 |
||
| 245 |
_aWebster's Desk Dictionary of the English Language _b: Based on the Classic Edition of the Random House Dictionary _c/ by: Portland House |
||
| 260 |
_aNew York _bPortland House _c1990 |
||
| 300 |
_a1078 p. _bill. |
||
| 650 | 0 |
_9452 _aDictionary |
|
| 653 | _aლექსიკონი | ||
| 942 |
_2udc _cBK |
||
| 999 |
_c1039 _d1039 |
||